<?xml version="1.0" encoding="UTF-8"?>
<collection xmlns:xsi="http://www.w3.org/2001/XMLSchema-instance" xsi:schemaLocation="http://www.loc.gov/MARC21/slim http://www.loc.gov/standards/marcxml/schema/MARC21slim.xsd" xmlns="http://www.loc.gov/MARC21/slim">
 <record>
  <leader>00000cam a2200000 i 4500</leader>
  <controlfield tag="001">UP-99796217611864986</controlfield>
  <controlfield tag="003">Buklod</controlfield>
  <controlfield tag="005">20230811102007.0</controlfield>
  <controlfield tag="006">m    go  j        </controlfield>
  <controlfield tag="007">ta</controlfield>
  <controlfield tag="008">220803s2011    xx     d     |||| ||    |</controlfield>
  <datafield tag="020" ind1=" " ind2=" ">
   <subfield code="a">9789715382441</subfield>
  </datafield>
  <datafield tag="035" ind1=" " ind2=" ">
   <subfield code="a">(iLib)UPD-00249814824</subfield>
  </datafield>
  <datafield tag="040" ind1=" " ind2=" ">
   <subfield code="a">DMLF</subfield>
   <subfield code="e">rda</subfield>
  </datafield>
  <datafield tag="041" ind1=" " ind2=" ">
   <subfield code="a">fil</subfield>
  </datafield>
  <datafield tag="042" ind1=" " ind2=" ">
   <subfield code="a">DMLUC</subfield>
  </datafield>
  <datafield tag="090" ind1=" " ind2=" ">
   <subfield code="a">PQ 8897 R5</subfield>
   <subfield code="b">A17 2011 T3</subfield>
  </datafield>
  <datafield tag="245" ind1="0" ind2="0">
   <subfield code="a">Jose Rizal</subfield>
   <subfield code="b">mga tula.</subfield>
  </datafield>
  <datafield tag="250" ind1=" " ind2=" ">
   <subfield code="a">Popular ed.</subfield>
  </datafield>
  <datafield tag="264" ind1=" " ind2="1">
   <subfield code="a">Manila</subfield>
   <subfield code="b">National Historical Commission of the Philippines</subfield>
   <subfield code="c">2011.</subfield>
  </datafield>
  <datafield tag="300" ind1=" " ind2=" ">
   <subfield code="a">v, 181 pages</subfield>
  </datafield>
  <datafield tag="336" ind1=" " ind2=" ">
   <subfield code="a">text</subfield>
   <subfield code="2">rdacontent</subfield>
  </datafield>
  <datafield tag="337" ind1=" " ind2=" ">
   <subfield code="a">unmediated</subfield>
   <subfield code="2">rdamedia</subfield>
  </datafield>
  <datafield tag="338" ind1=" " ind2=" ">
   <subfield code="a">volume</subfield>
   <subfield code="2">rdacarrier</subfield>
  </datafield>
  <datafield tag="500" ind1=" " ind2=" ">
   <subfield code="a">Originally titled : Mga tula ni Jose Rizal.</subfield>
  </datafield>
  <datafield tag="505" ind1="0" ind2="0">
   <subfield code="a">Sa aking mga kabata -- Sa batang Hesus -- Ang pagsakay (Imno sa hukbo ng mga pandigmangdagat ni Magallanes) -- Ang paghahamok (Si Urbiztondo, ang kilabot ng Holo) -- At Kastila si Elcano, ang unang nakaligid sa daigdig -- Maligayang bati -- Matalik na pagtutulungan ng relihiyon at ng edukasyon -- Dahil sa karununga'y nagkakaroon ng kinang ang bayan -- Isang alalala sa aking bayan (Kalamba, Laguna) -- San Eustaquio Martin (dula) -- Ang pagkakabihag at ang tagumpay -- Matagumpay na pagpasok ng mga hating Katoliko sa Granada -- Si Colon at si Juan II -- Malaking kaaliwan sa gitna ng malaking kasawian -- Ang kabayanihan -- Sa kabataang Pilipino -- Si Abd-el-Azis at si Mahoma -- Sa Pilipinas (Sa album ng mga artistang Pilipino) -- Kay Birhen Maria -- Sa tabi ng Pasig -- Sa kapita-pitagang si P.Pablo Ramon, S.J. -- Pinatutula ako -- Kay Binibining C.O. at R. -- Ang awit ni Maria Clara -- Sa mga bulaklak ng Heidelberg -- Imno sa paggawa -- Sa aking ... -- Ang tubig at ang apoy -- Kay Don Ricardo Carnicero -- Bagong taon -- Ang aking kinaligpitan -- Kay Josefina -- Imno sa talisy -- Awit ng manlalakbay -- Huling paalam -- Bulaklak sa mga bulaklak -- Kundiman -- Noong si Cervantes ay nasa-Argamasilla de Alba -- Sa lumalang sa akin -- Alin mang lahi -- Paalam kay Leonor -- Kundiman (ni P.Paterno: sa dakong silangan) -- Ang una kong salamisim.</subfield>
  </datafield>
  <datafield tag="600" ind1="1" ind2="0">
   <subfield code="a">Rizal, Jose (1861-1896)</subfield>
   <subfield code="v">Poetry.</subfield>
  </datafield>
  <datafield tag="710" ind1="2" ind2=" ">
   <subfield code="a">National Historical Commission of the Philippines.</subfield>
   <subfield code="e">publisher.</subfield>
  </datafield>
  <datafield tag="842" ind1=" " ind2=" ">
   <subfield code="a">Book</subfield>
  </datafield>
  <datafield tag="905" ind1=" " ind2=" ">
   <subfield code="a">FI</subfield>
  </datafield>
  <datafield tag="852" ind1="0" ind2=" ">
   <subfield code="a">UPD</subfield>
   <subfield code="b">DAIT</subfield>
   <subfield code="h">PQ 8897 R5</subfield>
   <subfield code="i">A17 2011 T3</subfield>
  </datafield>
  <datafield tag="852" ind1="0" ind2=" ">
   <subfield code="a">UPD</subfield>
   <subfield code="b">DEDUC</subfield>
   <subfield code="h">PQ 8897 R5</subfield>
   <subfield code="i">A17 2011 T3</subfield>
  </datafield>
  <datafield tag="852" ind1="0" ind2=" ">
   <subfield code="a">UPD</subfield>
   <subfield code="b">DMLF</subfield>
   <subfield code="h">PQ 8897 R5</subfield>
   <subfield code="i">A17 2011 T3</subfield>
  </datafield>
  <datafield tag="942" ind1=" " ind2=" ">
   <subfield code="a">Book</subfield>
  </datafield>
 </record>
</collection>
